|
|
|
|
| LEADER |
00000nab a2200000 a 4500 |
| 001 |
vtls009957571 |
| 003 |
SK-MaSNL |
| 005 |
20260304011756.0 |
| 008 |
171108 20090917xo dr er 000 0 slo |
| 038 |
|
|
|a KEVKJB
|
| 040 |
|
|
|a KEVKJB
|b slo
|c KEVKJB
|e AACR2
|
| 041 |
0 |
|
|a slo
|
| 044 |
|
|
|a xo
|c SK
|
| 080 |
|
|
|a 73/76:069
|2 2001
|
| 245 |
0 |
0 |
|a Galéria VEBA dáva šancu mladým talentom
|c [autor] (nit)
|
| 300 |
|
|
|b Obr.
|
| 600 |
1 |
7 |
|a Tokárová, Mária,
|d 1983-
|2 SNKMA
|9 189564
|
| 610 |
2 |
7 |
|a Galéria VEBA, Komenského 43 (Košice, Slovensko)
|x výstavy
|2 kevkjb
|9 873299
|
| 650 |
0 |
7 |
|a grafický dizajn
|2 kevkjb
|9 764
|
| 651 |
|
7 |
|a výstavy
|z Košice (Slovensko)
|2 kevkjb
|9 1035461
|
| 651 |
|
7 |
|a Košice (Slovensko)
|2 kevkjb
|9 18694
|
| 773 |
0 |
|
|t Košický Korzár
|g Roč. XII, č. 214 (17.9.2009), s. 4
|x 1335-4566
|
| 852 |
|
|
|a KEVKJB
|b KIS3GCP
|
| 999 |
|
|
|c 2567913
|d 2569843
|